[Event "XXXII Festival A"]
[Site "Arco ITA"]
[Date "2010.10.24"]
[Round "9"]
[White "Sigillo, Carmelo"]
[Black "Pedrotti, Luciano"]
[Result "1/2-1/2"]
[WhiteElo "1807"]
[BlackElo "1833"]
[PlyCount "120"]
[EventDate "2010.10.16"]

1. e4 e5 2. Bc4 Nf6 3. d4 Nc6 4. Nf3 Nxe4 5. O-O d5 6. Bb5 Bg4 7. Re1 Be7 8. h3
Bxf3 9. gxf3 Nd6 10. Bxc6+ bxc6 11. dxe5 Nf5 12. Qd3 Qc8 13. Nd2 O-O 14. Nb3
Nh4 15. f4 Nf5 16. c3 Qe6 17. Nd4 Qg6+ 18. Kh1 Nxd4 19. Qxg6 fxg6 20. cxd4 Rf5
21. Be3 Rb8 22. Rec1 Rb6 23. Rc2 g5 24. fxg5 Bxg5 25. Re1 h6 26. Bxg5 hxg5 27.
Kg2 Kf7 28. Rec1 Rf4 29. Rxc6 Rxb2 30. Rxc7+ Kg6 31. R1c6+ Kf5 32. Rf7+ Ke4 33.
Rxf4+ gxf4 34. Rc7 g5 35. e6 Kxd4 36. Kf3 Rb6 37. e7 Re6 38. Rxa7 Ke5 39. a4
Kd6 40. a5 Kc5 41. Rb7 d4 42. Kg4 d3 43. Rd7 d2 44. Kxg5 f3 45. Kf5 Rxe7 46.
Rxd2 Re2 47. Rd3 Rxf2 48. Kf4 Ra2 49. Rxf3 Rxa5 50. Kg5 Kd6+ 51. Kg6 Ra4 52.
Kg5 Ke7 53. h4 Ra8 54. Kg6 Rg8+ 55. Kh7 Rg4 56. h5 Ke8 57. Rf6 Ke7 58. Rg6 Rf4
59. h6 Kf7 60. Rg7+ Kf8 1/2-1/2

[Event "XXXII Festival A"]
[Site "Arco ITA"]
[Date "2010.10.24"]
[Round "9"]
[White "Sigmund, Ingenuin"]
[Black "Roessner, Uwe"]
[Result "1-0"]
[WhiteElo "1801"]
[BlackElo "1902"]
[PlyCount "111"]
[EventDate "2010.10.16"]

1. e4 d6 2. d4 Nf6 3. Bd3 e5 4. c3 Be7 5. Nf3 Nbd7 6. O-O O-O 7. Nbd2 c6 8. Nc4
Qc7 9. Ne3 Re8 10. Qc2 b5 11. a4 Bb7 12. Nd2 a6 13. b3 Nh5 14. g3 Nhf6 15. Bb2
Nb6 16. c4 bxa4 17. bxa4 exd4 18. Bxd4 c5 19. Bc3 Nbd7 20. Nd5 Nxd5 21. exd5 h6
22. Ne4 Bc8 23. f4 Qd8 24. Rae1 Kf8 25. Qd1 Nf6 26. Bc2 Bf5 27. Nxf6 Bxc2 28.
Qxc2 Bxf6 29. Qh7 g6 30. Rxe8+ Qxe8 31. Bxf6 Qe3+ 32. Rf2 Qe1+ 33. Kg2 Qe4+ 34.
Kh3 Qf5+ 35. Kg2 Qxf6 36. Qxh6+ Qg7 37. Qh3 Re8 38. f5 Qe5 39. fxg6 Qe4+ 40.
Kg1 Qxg6 41. Qh8+ Qg8 42. Qf6 Re1+ 43. Kg2 Qh7 44. Qxd6+ Kg8 45. Qd8+ Kg7 46.
Qf6+ Kf8 47. Qf3 Re4 48. Qd3 Qg6 49. d6 Kg7 50. Rd2 Qe6 51. Qd5 Re2+ 52. Rxe2
Qxe2+ 53. Kh3 Qf1+ 54. Kh4 f6 55. d7 Qc1 56. d8=Q 1-0

[Event "XXXII Festival A"]
[Site "Arco ITA"]
[Date "2010.10.24"]
[Round "9"]
[White "Sprea, Giuseppe"]
[Black "Dalponte, Dino"]
[Result "1-0"]
[WhiteElo "1982"]
[BlackElo "2141"]
[PlyCount "49"]
[EventDate "2010.10.16"]

1. c4 f5 2. Nc3 Nf6 3. b3 e6 4. Bb2 d6 5. e3 Be7 6. Be2 O-O 7. Qc2 a6 8. h3 c6
9. g4 b5 10. g5 Ne8 11. h4 b4 12. Na4 Nd7 13. Bf3 Qc7 14. Ne2 e5 15. d3 Nb6 16.
Nxb6 Qxb6 17. c5 dxc5 18. Bxe5 Bd6 19. Bxd6 Nxd6 20. Rc1 Nb7 21. Nf4 Qb5 22.
Be2 Qa5 23. Qc4+ Kh8 24. h5 Qxa2 25. Ng6+ 1-0

[Event "XXXII Festival A"]
[Site "Arco ITA"]
[Date "2010.10.24"]
[Round "9"]
[White "Stolfa, Rodolfo"]
[Black "Mircoli, Filippo"]
[Result "1-0"]
[WhiteElo "1876"]
[BlackElo "1699"]
[PlyCount "51"]
[EventDate "2010.10.16"]

1. d4 e6 2. c4 Nf6 3. Nf3 d5 4. Nc3 Bb4 5. e3 c5 6. Be2 O-O 7. O-O Nc6 8. Qc2
b6 9. cxd5 exd5 10. a3 Bxc3 11. Qxc3 Ne4 12. Qc2 Bb7 13. Nd2 cxd4 14. Nxe4 dxe4
15. Qxe4 dxe3 16. Bxe3 Na5 17. Qg4 f5 18. Qg3 Qf6 19. b4 Nb3 20. Bc4+ Kh8 21.
Bg5 Qd4 22. Bxb3 f4 23. Qh4 Qe4 24. Qh3 Rae8 25. Rac1 f3 26. Bc2 1-0

[Event "XXXII Festival A"]
[Site "Arco ITA"]
[Date "2010.10.24"]
[Round "9"]
[White "Varadi, Benedek"]
[Black "Kierzek, Mira"]
[Result "1/2-1/2"]
[WhiteElo "1950"]
[BlackElo "2053"]
[PlyCount "74"]
[EventDate "2010.10.16"]

1. Nf3 Nf6 2. d4 d5 3. c4 c6 4. e3 e6 5. Nbd2 Be7 6. b3 O-O 7. Bd3 Nbd7 8. O-O
c5 9. Bb2 b6 10. e4 dxe4 11. Nxe4 Bb7 12. Qe2 Qc7 13. Rad1 Qf4 14. Bc1 Qc7 15.
Bb2 Rad8 16. dxc5 bxc5 17. Nxf6+ Nxf6 18. Bxf6 Bxf6 19. Be4 Bxe4 20. Qxe4 h6
21. h3 Qa5 22. Qc2 a6 23. g3 Qa3 24. Nd2 Bd4 25. Nb1 Qa5 26. Qd2 Qc7 27. Kh2
Qe5 28. Rde1 Qf6 29. Qe2 Rd6 30. Nd2 Rfd8 31. Ne4 Qg6 32. Nxd6 Rxd6 33. Rd1 e5
34. a3 Rb6 35. Rb1 Qd6 36. Qe4 Qb8 37. Qd3 a5 1/2-1/2

[Event "XXXII Festival A"]
[Site "Arco ITA"]
[Date "2010.10.24"]
[Round "9"]
[White "Vaselli, Luciano"]
[Black "Varzi, Florian"]
[Result "1-0"]
[WhiteElo "1732"]
[BlackElo "1570"]
[PlyCount "45"]
[EventDate "2010.10.16"]

1. d4 d5 2. c4 e6 3. Nc3 Nf6 4. Bg5 Be7 5. e3 O-O 6. Nf3 Nh5 7. Bxe7 Qxe7 8.
cxd5 exd5 9. Nxd5 Qd6 10. Nc3 Re8 11. Be2 Qg6 12. Nh4 Qg5 13. Bxh5 Qxh4 14. Bf3
Rxe3+ 15. Kf1 Re8 16. Qd2 Be6 17. Re1 c6 18. Re4 Qf6 19. h4 Nd7 20. Rf4 Qe7 21.
d5 cxd5 22. Nxd5 Qd6 23. Nf6+ 1-0

[Event "XXXII Festival A"]
[Site "Arco ITA"]
[Date "2010.10.24"]
[Round "9"]
[White "Von Wantoch, Markus"]
[Black "Ferrari, Michele"]
[Result "1-0"]
[WhiteElo "1927"]
[BlackElo "1808"]
[PlyCount "51"]
[EventDate "2010.10.16"]

1. e4 c5 2. Nc3 Nc6 3. g3 g6 4. Bg2 Bg7 5. d3 d6 6. f4 f5 7. Nf3 Nf6 8. O-O O-O
9. h3 fxe4 10. dxe4 Nh5 11. Kh2 Nd4 12. e5 Nc6 13. Qd5+ Kh8 14. Ng5 Qe8 15. g4
dxe5 16. gxh5 e6 17. Qxc5 exf4 18. Bxc6 bxc6 19. Rxf4 Bd7 20. Nce4 Qb8 21. Nd6
Bf6 22. Nge4 Bg7 23. Rxf8+ Qxf8 24. h6 Bxh6 25. Bxh6 Qxh6 26. Nf7+ 1-0

[Event "XXXII Festival A"]
[Site "Arco ITA"]
[Date "2010.10.24"]
[Round "9"]
[White "Wagner, Frank"]
[Black "Brunetti, Marco"]
[Result "0-1"]
[WhiteElo "1919"]
[BlackElo "1838"]
[PlyCount "114"]
[EventDate "2010.10.16"]

1. Nf3 Nf6 2. d3 g6 3. c4 Bg7 4. Nc3 O-O 5. g3 c5 6. Bg2 Nc6 7. O-O d6 8. Rb1
Bd7 9. a3 a5 10. d4 Bf5 11. Ra1 cxd4 12. Nxd4 Nxd4 13. Qxd4 Ne4 14. Qe3 Nxc3
15. bxc3 Qd7 16. Qf3 Rab8 17. e4 Bg4 18. Qd3 Rfc8 19. Be3 b5 20. Bd4 e5 21. Be3
bxc4 22. Qd2 Rb3 23. f3 Bh3 24. Rfd1 Bxg2 25. Kxg2 Bf8 26. Qd5 Qa4 27. Rdc1
Rcb8 28. Ba7 Rb2+ 29. Kg1 Qd7 30. Bf2 Qh3 31. Rf1 Qc8 32. Qxa5 Ra8 33. Qd5 Rb3
34. a4 Rxc3 35. a5 Rd3 36. Qb5 Rxf3 37. Kg2 Rb3 38. Qd5 Rd3 39. Qb5 Rd2 40. a6
c3 41. Qb7 c2 42. Qxc8 Rxc8 43. a7 Ra8 44. Kf3 Bh6 45. Be3 Rd3 46. Rfe1 Bxe3
47. Rxe3 Rxe3+ 48. Kxe3 Rxa7 49. Rc1 Rc7 50. Kf3 f5 51. h3 Kf7 52. g4 f4 53. g5
Ke6 54. h4 d5 55. exd5+ Kxd5 56. Kg4 Rc3 57. h5 Kd4 0-1

[Event "XXXII Festival A"]
[Site "Arco ITA"]
[Date "2010.10.24"]
[Round "9"]
[White "Welz, Peter"]
[Black "Bondielli, Giorgio"]
[Result "1-0"]
[WhiteElo "2156"]
[BlackElo "1880"]
[PlyCount "57"]
[EventDate "2010.10.16"]

1. e4 e5 2. Nf3 Nf6 3. Qe2 Nc6 4. g3 Be7 5. Bg2 d6 6. h3 Be6 7. c3 d5 8. d3 Bd6
9. O-O Qd7 10. Ng5 d4 11. c4 O-O 12. a3 a5 13. Nd2 h6 14. Nxe6 fxe6 15. Nf3 a4
16. Bd2 b6 17. Nh4 Kh7 18. f4 exf4 19. gxf4 e5 20. f5 Ne7 21. Rf2 Qe8 22. Bf3
b5 23. cxb5 Qxb5 24. Kh2 Rg8 25. Rg1 Raf8 26. Rfg2 Rf7 27. Bh5 Nxh5 28. Qxh5
Qc6 29. Bxh6 1-0

[Event "XXXII Festival A"]
[Site "Arco ITA"]
[Date "2010.10.24"]
[Round "9"]
[White "Wild, Helmut"]
[Black "Del Nevo, Claudio"]
[Result "1-0"]
[WhiteElo "1955"]
[BlackElo "1859"]
[PlyCount "59"]
[EventDate "2010.10.16"]

1. c4 d6 2. d4 Nf6 3. Nc3 g6 4. e4 c6 5. f4 Bg7 6. h3 O-O 7. Nf3 Na6 8. Be3 b6
9. Bd3 Bb7 10. O-O Nb4 11. Bb1 c5 12. d5 Na6 13. a3 Nc7 14. Bd3 Nd7 15. Qc2 a6
16. Rad1 Bxc3 17. Qxc3 b5 18. b3 bxc4 19. bxc4 Rb8 20. e5 Qe8 21. Rfe1 Qd8 22.
f5 f6 23. Bh6 Nxe5 24. Bxf8 Qxf8 25. Nxe5 dxe5 26. fxg6 h6 27. Rxe5 Kg7 28. Rh5
Na8 29. Qd2 Qh8 30. Qe3 1-0

[Event "XXXII Festival A"]
[Site "Arco ITA"]
[Date "2010.10.24"]
[Round "9"]
[White "Ziltener, Werner"]
[Black "Virzi, Ettore"]
[Result "1/2-1/2"]
[WhiteElo "2116"]
[BlackElo "2002"]
[PlyCount "58"]
[EventDate "2010.10.16"]

1. d4 Nf6 2. Nf3 g6 3. Bg5 Bg7 4. Nbd2 O-O 5. e4 d5 6. e5 Ne4 7. Bh4 c5 8. c3
Nc6 9. Bb5 f6 10. exf6 exf6 11. O-O cxd4 12. cxd4 Bg4 13. Bxc6 bxc6 14. Qc2
Bxf3 15. gxf3 Nxd2 16. Qxd2 Qd7 17. Kg2 Rae8 18. Rfe1 Rxe1 19. Rxe1 Re8 20. Bg3
Rxe1 21. Qxe1 Kf7 22. b3 Bf8 23. Qe3 Bd6 24. Qh6 Kg8 25. Qe3 Bxg3 26. fxg3 Kf7
27. Qh6 Kg8 28. Kf2 Qd6 29. Qe3 Kf7 1/2-1/2

[Event "XIII Weekend"]
[Site "Cavarzere ITA"]
[Date "2010.10.24"]
[Round "5"]
[White "Caldonazzo, Matteo"]
[Black "Belloni, Umberto"]
[Result "0-1"]
[WhiteElo "1910"]
[BlackElo "1842"]
[PlyCount "146"]
[EventDate "2010.10.16"]

1. Nf3 d5 2. d4 c6 3. e3 Bg4 4. Nbd2 e6 5. Be2 Nd7 6. O-O f5 7. b3 Ngf6 8. Bb2
Bxf3 9. Nxf3 Ne4 10. a3 a6 11. Ne5 Nxe5 12. dxe5 Qg5 13. c4 Bc5 14. Bd4 Bxd4
15. Qxd4 Qe7 16. cxd5 exd5 17. b4 O-O 18. f4 Qe6 19. Qb6 Qe7 20. Bd3 Rfd8 21.
a4 Rac8 22. Rfc1 g6 23. Rc2 Rd7 24. b5 axb5 25. axb5 c5 26. Bxe4 fxe4 27. Rd1
Kf7 28. Rcd2 Qe6 29. Qa7 b6 30. Qa2 Rcd8 31. Qb2 d4 32. exd4 e3 33. Rd3 Qc4 34.
Rxe3 Ke6 35. Qb3 Qxb3 36. Rxb3 Rxd4 37. Rxd4 Rxd4 38. g3 Rb4 39. Rd3 Rxb5 40.
Rd6+ Ke7 41. Kf2 Rb2+ 42. Ke3 b5 43. Rc6 Rb3+ 44. Ke4 Rb4+ 45. Kd5 c4 46. Kd4
Rb2 47. Rc7+ Ke6 48. Rxh7 Rd2+ 49. Kc5 c3 50. Kxb5 Rd7 51. f5+ gxf5 52. Rh6+
Kd5 53. e6 Rb7+ 54. Ka6 Re7 55. Rh8 Rxe6+ 56. Kb5 Re2 57. Kb4 c2 58. Rc8 Rxh2
59. Kb3 Ke4 60. Rc3 Rg2 61. Kb2 Rf2 62. Kc1 Rf3 63. Rc4+ Ke3 64. Kxc2 Rxg3 65.
Rc8 f4 66. Re8+ Kf2 67. Kd2 Re3 68. Rh8 Rg3 69. Rh2+ Kg1 70. Rh8 f3 71. Rf8 Kf1
72. Ke3 f2+ 73. Kf4 Kg2 0-1

[Event "XIII Weekend"]
[Site "Cavarzere ITA"]
[Date "2010.10.24"]
[Round "6"]
[White "Guerra, Alessandro"]
[Black "Del Monaco, Andrea"]
[Result "0-1"]
[WhiteElo "2236"]
[BlackElo "2277"]
[PlyCount "63"]
[EventDate "2010.10.16"]

1. e4 c5 2. Nf3 g6 3. d4 cxd4 4. Qxd4 Nf6 5. e5 Nc6 6. Qf4 Nd5 7. Qe4 Ndb4 8.
Bd3 d5 9. Qf4 Bg7 10. O-O O-O 11. Re1 Nxd3 12. cxd3 Bf5 13. Nc3 d4 14. Ne4 Nb4
15. Qd2 Qb6 16. a3 Nc6 17. Qg5 Qb5 18. Nf6+ exf6 19. exf6 Bh8 20. g4 Qxd3 21.
Nh4 Bd7 22. Bf4 Rfe8 23. Kg2 h6 24. Qxh6 Bxg4 25. f3 Bh5 26. Qg5 Re2+ 27. Rxe2
Qxe2+ 28. Kg3 Qe6 29. Rg1 Bxf6 30. Qb5 Be5 31. Bxe5 Qxe5+ 32. Qxe5 0-1

[Event "XIII Weekend"]
[Site "Cavarzere ITA"]
[Date "2010.10.24"]
[Round "6"]
[White "Tomio, Dante"]
[Black "Penzo, Amleto"]
[WhiteElo "1949"]
[BlackElo "1755"]
[Result "0-1"]
[PlyCount "142"]
[EventDate "2010.10.16"]

1. d4 Nf6 2. Nf3 g6 3. c4 Bg7 4. Nc3 d6 5. e4 O-O 6. Be2 e5 7. O-O Nbd7 8. Bg5
h6 9. Bh4 exd4 10. Nxd4 Nc5 11. f3 Ne6 12. Nxe6 Bxe6 13. Qc2 g5 14. Bf2 Nh5 15.
Rfe1 f5 16. Rad1 fxe4 17. Nxe4 Nf4 18. Bf1 b6 19. Bd4 Bxd4+ 20. Rxd4 Bf5 21.
Qb3 Kh7 22. Nf2 Qf6 23. Qd1 Rae8 24. Ne4 Qg7 25. Rd2 a5 26. g3 Ng6 27. g4 Bxe4
28. Rxe4 Rxe4 29. fxe4 Ne5 30. Bg2 Nxc4 31. Re2 Ne5 32. h3 Qf7 33. Qc2 Qd7 34.
Kh1 Rf7 35. b3 Qe6 36. Rf2 Rxf2 37. Qxf2 Qf7 38. Qc2 Kg7 39. Qc3 Kf8 40. Kg1
Ke8 41. Kh1 Kd7 42. Qe3 a4 43. Qc3 axb3 44. axb3 Qf6 45. Qd4 Ke7 46. Qd5 Qe6
47. Qb5 Qf7 48. Qa4 Qe8 49. Qd4 Qc6 50. Qb2 Qc5 51. Kh2 Qe3 52. Qc2 Kd7 53. b4
Qd3 54. Qb2 Qb5 55. Qc3 c5 56. bxc5 bxc5 57. Qa1 Qc6 58. Qa7+ Qc7 59. Qa4+ Ke7
60. Qa8 c4 61. Qg8 c3 62. Qg7+ Kd8 63. Qf8+ Kd7 64. Bf1 c2 65. Bb5+ Ke6 66.
Qxh6+ Ke7 67. Qxg5+ Kf7 68. Qf5+ Kg7 69. Qg5+ Ng6 70. Be8 d5+ 71. e5 Qxe5+ 0-1

[Event "XXVI European Club Cup"]
[Site "Plovdiv BUL"]
[Date "2010.10.23"]
[Round "7.4"]
[White "Stojcevski, Zoran"]
[Black "Luciani, Valerio"]
[Result "1-0"]
[WhiteElo "2355"]
[BlackElo "2212"]
[PlyCount "93"]
[EventDate "2010.10.17"]

1. e4 e6 2. d4 d5 3. Nc3 Bb4 4. e5 c5 5. Bd2 Ne7 6. f4 Bd7 7. Nce2 Bxd2+ 8.
Qxd2 b6 9. Ng3 h5 10. h4 g6 11. Nf3 Nbc6 12. c4 Kf8 13. Qf2 Kg7 14. dxc5 bxc5
15. Qxc5 Rc8 16. Rc1 Nxe5 17. Qd4 Qa5+ 18. b4 Qxb4+ 19. Kf2 N7c6 20. Qa1 Qc5+
21. Ke1 Qe3+ 22. Ne2 d4 23. Nxe5 Nxe5 24. fxe5 Qxe5 25. Qxd4 Qxd4 26. Nxd4 e5
27. Nb3 Bc6 28. Rh3 e4 29. Nd4 Rhd8 30. Nxc6 Rxc6 31. Ra3 Rd7 32. c5 Rdc7 33.
Rac3 Kf6 34. Bb5 Re6 35. Kf2 Ke5 36. Ke3 f5 37. g3 g5 38. hxg5 Rg6 39. c6 Rxg5
40. Rc5+ Kf6 41. Be2 Rxg3+ 42. Kf4 Rg2 43. Rxf5+ Ke7 44. Re5+ Kd6 45. Rxe4 Rf7+
46. Ke3 Rg3+ 47. Kd2 1-0

[Event "C.to Mondiale U10"]
[Site "Porto Carras GRE"]
[Date "2010.10.20"]
[Round "1"]
[White "Gholami, Aryan"]
[Black "Bisi, Riccardo"]
[Result "1-0"]
[WhiteElo "1902"]
[BlackElo "1587"]
[PlyCount "69"]
[EventDate "2010.10.20"]

1. e4 e5 2. Nc3 Bc5 3. Bc4 Nc6 4. d3 d6 5. Nf3 Bg4 6. h3 Bh5 7. g4 Bg6 8. a3
Nf6 9. Bg5 h6 10. Bxf6 Qxf6 11. Nd5 Qd8 12. c3 Bb6 13. Qe2 Qd7 14. O-O-O O-O-O
15. Bb5 f6 16. Nb4 Bf7 17. d4 Bb3 18. d5 Bxd1 19. Rxd1 Qf7 20. dxc6 bxc6 21.
Bxc6 Rdf8 22. Qa6+ Kd8 23. Qb7 Ke7 24. Nd5+ Ke6 25. Qa6 Bxf2 26. Qc4 Rb8 27.
Nxc7+ Ke7 28. Bd5 Qf8 29. Be6 Qd8 30. Bf5 Bb6 31. Nd5+ Kf8 32. Nh4 Rg8 33. Ng6+
Kf7 34. Nxf6+ Kxf6 35. Qe6+ 1-0

[Event "C.to Mondiale U10 femminile"]
[Site "Porto Carras GRE"]
[Date "2010.10.21"]
[Round "2"]
[White "Di Benedetto, Desiree"]
[Black "Nominerdene, Davaademberel"]
[Result "0-1"]
[WhiteElo "1530"]
[BlackElo "1755"]
[PlyCount "104"]
[EventDate "2010.10.20"]

1. e4 c5 2. g3 e6 3. Bg2 d5 4. exd5 exd5 5. Nc3 d4 6. Qe2+ Be7 7. Nd5 Nc6 8.
Nxe7 Ncxe7 9. Qe5 Qb6 10. Nf3 Qe6 11. Qxe6 Bxe6 12. Ng5 Bd5 13. O-O h6 14. Bxd5
Nxd5 15. Ne4 b6 16. Nd6+ Kf8 17. c3 Rd8 18. Nc4 Nc7 19. Re1 Ne7 20. Re4 Ne6 21.
cxd4 Nxd4 22. b3 b5 23. Na3 a6 24. Kg2 f6 25. Bb2 Nec6 26. Rae1 Kf7 27. R1e3
Rd7 28. Rd3 Rhd8 29. f4 Nb4 30. Rc3 Ne6 31. Bc1 Nxa2 32. f5 Ng5 33. Rc2 Nxc1
34. Re3 Rxd2+ 35. Rxd2 Rxd2+ 36. Kh1 Ra2 37. Nb1 Ra1 38. Nd2 Nxb3+ 39. Kg2 Nxd2
40. Rd3 Ra2 41. Rd7+ Kg8 42. Rd5 c4 43. h4 Nf7 44. h5 c3 45. Kh3 Ng5+ 46. Kh4
Ndf3+ 47. Kg4 Ne5+ 48. Kf4 Re2 49. Rd4 c2 50. g4 c1=Q+ 51. Kg3 Qg1+ 52. Kf4
Qf2# 0-1

[Event "C.to Mondiale U12"]
[Site "Porto Carras GRE"]
[Date "2010.10.21"]
[Round "2"]
[White "Ghosh, Diptayan"]
[Black "Zamengo, Fulvio"]
[Result "1-0"]
[WhiteElo "2193"]
[BlackElo "1936"]
[PlyCount "89"]
[EventDate "2010.10.20"]

1. d4 Nf6 2. c4 c5 3. Nf3 g6 4. Nc3 cxd4 5. Nxd4 Bg7 6. e4 d6 7. Be2 Nc6 8. Be3
O-O 9. O-O Nxd4 10. Bxd4 Nd7 11. Rc1 Bxd4 12. Qxd4 Qb6 13. Qd2 Nf6 14. Kh1 Bd7
15. f4 Bc6 16. Bd3 a6 17. Rf3 Qd4 18. Ne2 Qa7 19. Ng3 Rac8 20. Re1 Qd4 21. Qe2
Bd7 22. h3 Bc6 23. b3 Nd7 24. Re3 Qg7 25. Qf2 e5 26. f5 f6 27. fxg6 hxg6 28.
Nf5 gxf5 29. Rg3 f4 30. Rxg7+ Kxg7 31. b4 Rg8 32. Qe2 b6 33. b5 axb5 34. cxb5
Bb7 35. Qg4+ Kh6 36. Qxd7 Ba8 37. Qxd6 Kg6 38. Qxb6 Rc3 39. Qd6 Kh7 40. Qd7+
Rg7 41. Qf5+ Rg6 42. Be2 Kg7 43. Bf3 Rg5 44. Qd7+ Kh6 45. Qf7 1-0

[Event "C.to Mondiale U12"]
[Site "Porto Carras GRE"]
[Date "2010.10.24"]
[Round "5"]
[White "Zamengo, Fulvio"]
[Black "Tatekhin, Vyacheslav"]
[Result "0-1"]
[WhiteElo "1936"]
[BlackElo "2113"]
[PlyCount "76"]
[EventDate "2010.10.20"]

1. e4 c5 2. Nf3 d6 3. d4 cxd4 4. Nxd4 Nf6 5. Nc3 a6 6. Be2 e5 7. Nb3 Be7 8. Be3
Be6 9. Bf3 Nbd7 10. O-O Rc8 11. Rc1 O-O 12. Nd5 Nxd5 13. exd5 Bf5 14. Nd2 b5
15. c4 b4 16. b3 Bg6 17. Bh5 f5 18. Bxg6 hxg6 19. f4 e4 20. Bd4 Bf6 21. Nb1
Bxd4+ 22. Qxd4 Nc5 23. Nd2 a5 24. g3 Ra8 25. Ra1 Re8 26. Rfe1 Kf7 27. h4 Qf6
28. Qxf6+ gxf6 29. Re3 a4 30. bxa4 Rxa4 31. Nb3 Ra3 32. Kf2 Rea8 33. Nxc5 Rxa2+
34. Rxa2 Rxa2+ 35. Ke1 dxc5 36. g4 fxg4 37. Rxe4 g3 38. Kf1 b3 0-1

[Event "C.to Mondiale U12"]
[Site "Porto Carras GRE"]
[Date "2010.10.27"]
[Round "8"]
[White "Zamengo, Fulvio"]
[Black "Sidhant, Mohapatra"]
[Result "1/2-1/2"]
[WhiteElo "1936"]
[BlackElo "2125"]
[PlyCount "84"]
[EventDate "2010.10.20"]

1. e4 c5 2. Nf3 e6 3. c4 Nc6 4. Nc3 Nf6 5. Be2 d5 6. exd5 exd5 7. d4 Be6 8. Be3
dxc4 9. O-O cxd4 10. Nxd4 Nxd4 11. Bxd4 Be7 12. Qa4+ Qd7 13. Qxd7+ Bxd7 14.
Bxc4 O-O 15. Nd5 Nxd5 16. Bxd5 Bb5 17. Rfd1 Ba6 18. Bf3 h6 19. g3 Rfd8 20. h4
Bf6 21. Bxf6 gxf6 22. Rac1 Rac8 23. Rxd8+ Rxd8 24. Rc7 Rd2 25. Bxb7 Be2 26. Ba8
a6 27. Rb7 Kg7 28. Rb4 f5 29. Kg2 Bb5 30. a4 Bd7 31. b3 Rd3 32. Rb6 a5 33. Kf1
Be6 34. Rb5 Bxb3 35. Rxa5 Rd4 36. Bc6 Rc4 37. Bd7 Rd4 38. Bb5 f4 39. gxf4 Rxf4
40. h5 Rf5 41. Ra8 Rxh5 42. Bc6 Bd5 1/2-1/2

[Event "C.to Mondiale U14"]
[Site "Porto Carras GRE"]
[Date "2010.10.24"]
[Round "6"]
[White "Boscolo, Federico"]
[Black "Boruchovsky, Avital"]
[Result "0-1"]
[WhiteElo "2152"]
[BlackElo "2250"]
[PlyCount "44"]
[EventDate "2010.10.20"]

1. e4 e5 2. Nf3 Nc6 3. Bb5 a6 4. Ba4 Nf6 5. O-O Nxe4 6. d4 b5 7. Bb3 d5 8. dxe5
Be6 9. Nbd2 Nc5 10. c3 Nxb3 11. Nxb3 Be7 12. Nfd4 Qd7 13. Re1 O-O 14. h3 Nd8
15. Qh5 c5 16. Nf3 h6 17. Be3 Nb7 18. Rad1 a5 19. Nh4 Bxh3 20. gxh3 Qxh3 21.
Rxd5 Bxh4 22. Qe2 Ra6 0-1

[Event "C.to Mondiale U14"]
[Site "Porto Carras GRE"]
[Date "2010.10.28"]
[Round "9"]
[White "Drozdowski, Kacper"]
[Black "Boscolo, Federico"]
[Result "1-0"]
[WhiteElo "2303"]
[BlackElo "2152"]
[PlyCount "67"]
[EventDate "2010.10.20"]

1. d4 d5 2. c4 c6 3. Nf3 e6 4. Qc2 Nf6 5. Bf4 Be7 6. e3 Nbd7 7. Nc3 O-O 8. Bd3
Re8 9. cxd5 exd5 10. g4 Nf8 11. h3 Qa5 12. O-O-O Be6 13. Nd2 b5 14. g5 Ne4 15.
Nb3 Qb6 16. Nxe4 dxe4 17. Bxe4 a5 18. Kb1 Bxb3 19. axb3 Rec8 20. h4 a4 21. h5
a3 22. g6 h6 23. gxf7+ Kxf7 24. Rhg1 axb2 25. Bg6+ Kg8 26. Bh7+ Nxh7 27. Rxg7+
Kxg7 28. Qg6+ Kh8 29. Be5+ Bf6 30. Bxf6+ Nxf6 31. Qxf6+ Kh7 32. Qg6+ Kh8 33.
Qxh6+ Kg8 34. Rg1+ 1-0

[Event "C.to Mondiale U14"]
[Site "Porto Carras GRE"]
[Date "2010.10.30"]
[Round "11"]
[White "Tomici, Stefan"]
[Black "Boscolo, Federico"]
[Result "1/2-1/2"]
[WhiteElo "2051"]
[BlackElo "2152"]
[PlyCount "140"]
[EventDate "2010.10.20"]

1. e4 c5 2. Nf3 d6 3. c3 Nf6 4. h3 Nc6 5. Bd3 e5 6. O-O g5 7. Be2 g4 8. hxg4
Bxg4 9. d3 Rg8 10. Ng5 Bxe2 11. Qxe2 Rg6 12. f4 Bh6 13. Nh3 exf4 14. Bxf4 Qd7
15. Bxh6 Qxh3 16. Rxf6 Qxh6 17. Rxg6 hxg6 18. Nd2 O-O-O 19. Nf3 Rh8 20. Rf1 Ne5
21. Nxe5 Qh2+ 22. Kf2 dxe5 23. Qg4+ Kd8 24. Ke2 Ke7 25. Qg5+ Ke8 26. Qf6 Rh7
27. Rf2 Qg3 28. Qd6 Qg4+ 29. Kd2 Qg5+ 30. Kc2 b6 31. Qb8+ Qd8 32. Qxe5+ Kf8 33.
Qf6 Qxf6 34. Rxf6 Ke7 35. Rf2 Ke6 36. d4 cxd4 37. cxd4 f5 38. Kd3 fxe4+ 39.
Kxe4 Rh1 40. d5+ Ke7 41. Rd2 Kd6 42. Rf2 Re1+ 43. Kd4 Rd1+ 44. Kc3 Ke5 45. Rf7
Rg1 46. d6 Rd1 47. Rxa7 Rxd6 48. Re7+ Kf4 49. Re2 g5 50. a4 Kg3 51. b4 Rd5 52.
Ra2 g4 53. a5 bxa5 54. bxa5 Rb5 55. a6 Rb8 56. a7 Ra8 57. Kd3 Kh2 58. Ke3 g3
59. Ke4 Re8+ 60. Kd5 Ra8 61. Kc5 Rc8+ 62. Kb6 Rf8 63. Kb7 Rf7+ 64. Kb6 Rf8 65.
Rb2 Rf6+ 66. Ka5 Rf5+ 67. Ka4 Rf8 68. Ka5 Rf5+ 69. Kb4 Rf8 70. Ka5 Rf5+ 1/2-1/2

[Event "C.to Mondiale U18"]
[Site "Porto Carras GRE"]
[Date "2010.10.27"]
[Round "8"]
[White "Codenotti, Marco"]
[Black "Nitin, S."]
[Result "1-0"]
[WhiteElo "2175"]
[BlackElo "2413"]
[PlyCount "95"]
[EventDate "2010.10.20"]

1. e4 c5 2. Nf3 d6 3. d4 cxd4 4. Nxd4 Nf6 5. Nc3 a6 6. Be3 e6 7. f3 b5 8. Qd2
Nbd7 9. g4 Nb6 10. a4 Nc4 11. Bxc4 bxc4 12. a5 Bb7 13. Na4 d5 14. g5 Nd7 15.
O-O-O Qc7 16. Rhf1 Rc8 17. f4 c3 18. Qxc3 Qxc3 19. Nxc3 dxe4 20. f5 Rxc3 21.
bxc3 Bd5 22. fxe6 fxe6 23. Nb3 Ba3+ 24. Kb1 Ke7 25. Bd4 Rb8 26. Bxg7 Nc5 27.
Ka2 Nxb3 28. cxb3 Bc5 29. Bf6+ Ke8 30. c4 e3 31. Rfe1 Bf3 32. Rd3 Be4 33. Rdxe3
Bxe3 34. Rxe3 Bf5 35. Kb2 Kd7 36. Kc3 Kc6 37. b4 Rb7 38. Re2 Rc7 39. h4 h6 40.
Re5 hxg5 41. hxg5 Rd7 42. b5+ axb5 43. cxb5+ Kb7 44. Rxf5 exf5 45. g6 Rd1 46.
g7 Rg1 47. a6+ Kc7 48. Be5+ 1-0

[Event "C.to Mondiale U18"]
[Site "Porto Carras GRE"]
[Date "2010.10.28"]
[Round "9"]
[White "Durarbeyli, Vasif"]
[Black "Codenotti, Marco"]
[Result "1-0"]
[WhiteElo "2495"]
[BlackElo "2175"]
[PlyCount "73"]
[EventDate "2010.10.20"]

1. e4 c5 2. Nf3 g6 3. d4 cxd4 4. Qxd4 Nf6 5. e5 Nc6 6. Qa4 Nd5 7. Qe4 Nb6 8.
Bb5 d5 9. exd6 Qxd6 10. O-O Bg7 11. Nc3 Bf5 12. Qh4 O-O 13. Bxc6 Qxc6 14. Bh6
Bxh6 15. Qxh6 Qf6 16. Rae1 Bxc2 17. Ng5 Qg7 18. Qxg7+ Kxg7 19. Rxe7 Kf6 20. Re2
Kxg5 21. Rxc2 f5 22. Nb5 Rac8 23. Nc7 Nd5 24. Rfc1 Nxc7 25. Rxc7 Rxc7 26. Rxc7
Rd8 27. g3 Rd2 28. Rxb7 h6 29. a3 a5 30. Rb6 Rc2 31. Kg2 Re2 32. a4 Re4 33. b3
Re2 34. h4+ Kh5 35. Rb5 Rb2 36. Kh3 g5 37. Rxf5 1-0

[Event "XX C.to Mondiale Seniores"]
[Site "Arco ITA"]
[Date "2010.10.26"]
[Round "1"]
[White "Busu, Corneliu"]
[Black "Schowalter, Gerd"]
[WhiteElo "2305"]
[BlackElo "1994"]
[Result "1-0"]
[PlyCount "37"]
[EventDate "2010.10.26"]

1. d4 d5 2. c4 c6 3. Nc3 Nf6 4. Nf3 Nbd7 5. e3 e6 6. Bd3 dxc4 7. Bxc4 Be7 8.
O-O O-O 9. e4 b5 10. Bd3 Bb7 11. e5 Nd5 12. Ne4 f5 13. exf6 N7xf6 14. Neg5 Nc7
15. Qc2 Qd5 16. Bxh7+ Kh8 17. Ne5 Qxg2+ 18. Kxg2 c5+ 19. f3 1-0